LEADER 02207nam a2200421 a 4500 001 000000121488 003 CaOOAMICUS 005 20100504093531.0 008 100504m20042006gr u000 u gre r 020 $z960-315-540-3 (v. 1)* 020 $z960-315-546-2 (v. 2)* 020 $z960-315-558-6 (v. 3)* 040 $aPIO$bita$dPUL(R)$dReb 082 04$a270 100 0 $aTheodorus Mopsuestenus,$dm. 428.$0(OLS)http://pul/name/5959 245 10$aTheodôros Mopsouestias /$cgenikê epistasia kai epimeleia Êlia D. Moutsoula, epim. Geôrgia P. Kounabê, Dêmêtrios Ch. Kallinternês. 260 $aAthênai :$bApostolikê Diakonia tês Ekklêsias tês Hellados,$c2004-2006. 300 $a3 v. ;$c21 cm. 490 1 $aBibliothêkê Hellênôn Paterôn kai Ekklêsiastikôn Syngrafeôn ;$v83-85 504 $aBibliografia in nota. 650 4$aPadri della Chiesa greci.$0(OLS)http://pul/subject/36780 650 4$aPatrologia greca.$0(OLS)http://pul/subject/36779 700 1 $aKounabê, Geôrgia P.$0(OLS)http://pul/name/76069 700 1 $aKallinternês, Dêmêtrios Ch.$0(OLS)http://pul/name/76071 700 1 $aMoutsoulas, Êlias.$0(OLS)http://pul/name/76066 830 0$aBibliothêkê Hellênôn Paterôn kai Ekklêsiastikôn Syngrafeôn ;$v83-85.$0(OLS)http://pul/title/152743 850 $aPUL 852 $aPUL$W1$xSL Religione 3$y85$m270 COLL 1.83$j139437$av. 1$qDDC 21$B138642$CPULBib$Z2$F138642 $82 852 $aPUL$W1$xSL Religione 3$y85$m270 COLL 1.84$j139438$av. 2$qDDC 21$B138643$CPULBib$Z2$F138643 $82 852 $aPUL$W1$xSL Religione 3$y85$m270 COLL 1.85$j139439$av. 3$qDDC 21$B138644$CPULBib$Z2$F138644 $82 900 $aTeodoro,$cvesc. di Mopsuestia,$dm. 428$95959 941 1 $a9 996 $6020$z960-315-540-3 (v. 1)*$9(OLS)http://pul/number/144038 996 $6020$z960-315-546-2 (v. 2)*$9(OLS)http://pul/number/144039 996 $6020$z960-315-558-6 (v. 3)*$9(OLS)http://pul/number/144040 996 $6082$a270$9(OLS)http://pul/classification/472 996 $6245$aTheodôros Mopsouestias$9(OLS)http://pul/title/152851 996 $6260$aAthênai :$bApostolikê Diakonia tês Ekklêsias tês Hellados$9(OLS)http://pul/publisher/81286 LEADER 01094nam a2200289 a 4500 001 000000153027 003 CaOOAMICUS 005 20160719130934.0 008 160719s1996 it u000 u ita u 020 $a88-08-17282-1* 032 $aLibriCat 040 $aPUL$bita 100 1 $aFinocchiaro, Francesco.$0(OLS)http://pul/name/27273 245 10$aDiritto ecclesiastico /$cFrancesco Finocchiaro. 250 $aQuinta edizione. 260 $aBologna :$bZanichelli,$c©1996. 300 $aX, 518 p. ;$c24 cm. 500 $aContiene indice analitico. 504 $aBibliografia in nota a piè pagina. 650 4$aDiritto ecclesiastico$vManuali, compendi.$0(OLS)http://pul/subject/33263 850 $aPUL 852 $aPUL$W1$xDP1 Fondo G. Barberini$y122$m3 B 34$j9930$qFondi$B178594$CPULBib$Z2$F178594 $HBar1846 $81 941 1 $a1 996 $6020$a88-08-17282-1*$9(OLS)http://pul/number/160689 996 $6245$aDiritto ecclesiastico$9(OLS)http://pul/title/5089 996 $6260$aBologna :$bZanichelli$9(OLS)http://pul/publisher/48255